| 000 | 00949nam0a2200265 i 4500 | ||
|---|---|---|---|
| 001 | RU\NLR\BIBL_A\011685454 | ||
| 005 | 20240727004815.0 | ||
| 010 |
_a9785438000423 _91000 |
||
| 035 | _a(NLR Aleph) 011685454 | ||
| 090 |
_a11309852 _c11309852 |
||
| 100 | _a20180419d2018 u y0rusy50 ca | ||
| 101 | 0 | _arus | |
| 102 | _aRU | ||
| 105 | _ay z 000ay | ||
| 200 | 1 |
_aУрочище _eроман _fМихаил Ловин |
|
| 210 |
_aС.-Петербург _aМосква _cРусский писатель _d2018 |
||
| 215 |
_a515 с. _d21 |
||
| 300 | _aИзд. за счет средств, выделенных из бюджета комитета по делам печати С.-Петербурга | ||
| 686 | 2 | _aШ6(2=Р)8-440.4 | |
| 700 | 1 |
_aЛовин _bМ. В. _f1975- _gМихаил Валерьевич |
|
| 942 | _cBOOK | ||
| 980 | _aNBR | ||